[Event "FAI-chT 2122"]
[Site "Faroe Islands"]
[Date "2021.11.20"]
[Round "5.2"]
[White "Vang, Finnbjorn"]
[Black "Hojgaard, Samson"]
[Result "1-0"]
[WhiteElo "2000"]
[BlackElo "1969"]
[PlyCount "71"]
[EventDate "2021.10.03"]
[EventType "team-tourn"]
[EventRounds "10"]
[EventCountry "FAI"]
[SourceTitle "EXT 2023"]
[Source "ChessBase"]
[SourceDate "2022.10.05"]
[SourceVersion "1"]
[SourceVersionDate "2022.10.05"]
[SourceQuality "1"]
[WhiteTeam "Klaksvik II"]
[BlackTeam "Vestmanna"]
[WhiteTeamCountry "FAI"]
[BlackTeamCountry "FAI"]

1. e4 Nf6 2. Nc3 d6 3. d4 c6 4. h3 Qa5 5. Bd2 Qb6 6. Nf3 Qxb2 7. Bc4 e6 8. 0-0 Qb6 9. Rb1 Qc7 10. e5 Nd5 11. Ne4 dxe5 12. Nxe5 Bd6 13. Nxf7 Kxf7 14. Bxd5 exd5 15. Qh5+ g6 16. Qf3+ Kg8 17. Nxd6 Qxd6 18. Bb4 Qd8 19. Rfe1 c5 20. Bxc5 Nc6 21. c4 b6 22. cxd5 bxc5 23. dxc6 Qf8 24. Qd5+ Kg7 25. Qe5+ Qf6 26. Qxc5 Rd8 27. d5 Bxh3 28. Rb7+ Kg8 29. gxh3 Qg5+ 30. Kf1 Rxd5 31. Qe7 Qxe7 32. Rexe7 Rc5 33. Rg7+ Kf8 34. Rxh7 Kg8 35. Rbg7+ Kf8 36. Rxg6 1-0

[Event "FAI-chT 2122"]
[Site "Faroe Islands"]
[Date "2021.11.07"]
[Round "4.2"]
[White "Nielsen, Hogni Egilstoft"]
[Black "Vang, Finnbjorn"]
[Result "1-0"]
[WhiteElo "2384"]
[BlackElo "2000"]
[PlyCount "47"]
[EventDate "2021.10.03"]
[EventType "team-tourn"]
[EventRounds "10"]
[EventCountry "FAI"]
[SourceTitle "EXT 2023"]
[Source "ChessBase"]
[SourceDate "2022.10.05"]
[SourceVersion "1"]
[SourceVersionDate "2022.10.05"]
[SourceQuality "1"]
[WhiteTeam "Sandavagur"]
[BlackTeam "Klaksvik II"]
[WhiteTeamCountry "FAI"]
[BlackTeamCountry "FAI"]

1. e4 e5 2. Nf3 Nc6 3. Bc4 Nf6 4. d3 Bc5 5. Nbd2 0-0 6. 0-0 d6 7. c3 a6 8. Bb3 Kh8 9. Nc4 Be6 10. Bg5 Bxc4 11. Bxc4 Na5 12. b4 Nxc4 13. bxc5 Na5 14. Qa4 b6 15. cxb6 cxb6 16. Rab1 b5 17. Bxf6 gxf6 18. Qa3 Nc6 19. Nh4 Qd7 20. f4 b4 21. cxb4 Qg4 22. Nf5 exf4 23. b5 axb5 24. Qxd6 1-0

[Event "FAI-chT 2021"]
[Site "Faroe Islands"]
[Date "2020.10.11"]
[Round "2.1"]
[White "Ziska, Helgi Dam"]
[Black "Vang, Finnbjorn"]
[Result "1-0"]
[WhiteElo "2535"]
[BlackElo "2026"]
[PlyCount "49"]
[EventDate "2020.10.04"]
[EventType "team-tourn"]
[EventRounds "10"]
[EventCountry "FAI"]
[SourceTitle "EXT 2022"]
[Source "ChessBase"]
[SourceDate "2021.10.06"]
[SourceVersion "1"]
[SourceVersionDate "2021.10.06"]
[SourceQuality "1"]
[WhiteTeam "Havnin"]
[BlackTeam "Klaksvik II"]
[WhiteTeamCountry "FAI"]
[BlackTeamCountry "FAI"]

1. Nf3 Nf6 2. g3 b5 3. Bg2 Bb7 4. 0-0 e6 5. d3 d5 6. Nbd2 Nbd7 7. e4 dxe4 8. dxe4 e5 9. Qe2 a6 10. a4 Bc6 11. Nb3 Bb4 12. Rd1 Qb8 13. c3 bxa4 14. Nbd4 exd4 15. Nxd4 Bb7 16. e5 Nd5 17. cxb4 0-0 18. Nf5 N5b6 19. Bxb7 Qxb7 20. Bh6 Rfe8 21. Bxg7 Re6 22. h4 Rae8 23. h5 f6 24. Qg4 Nxe5 25. Nh6# 1-0

[Event "FAI-chT 2021"]
[Site "Faroe Islands"]
[Date "2020.10.04"]
[Round "1.1"]
[White "Vang, Finnbjorn"]
[Black "Simonsen, Olavur"]
[Result "0-1"]
[WhiteElo "2026"]
[BlackElo "2193"]
[PlyCount "100"]
[EventDate "2020.10.04"]
[EventType "team-tourn"]
[EventRounds "10"]
[EventCountry "FAI"]
[SourceTitle "EXT 2022"]
[Source "ChessBase"]
[SourceDate "2021.10.06"]
[SourceVersion "1"]
[SourceVersionDate "2021.10.06"]
[SourceQuality "1"]
[WhiteTeam "Klaksvik II"]
[BlackTeam "Klaksvik"]
[WhiteTeamCountry "FAI"]
[BlackTeamCountry "FAI"]

1. e4 d5 2. exd5 Nf6 3. Nf3 Nxd5 4. d4 g6 5. Be2 Bg7 6. 0-0 0-0 7. Re1 Re8 8. c4 Nb6 9. Be3 Bg4 10. h3 Bxf3 11. Bxf3 Nc6 12. c5 Nd5 13. Nc3 e6 14. Qd2 Qd7 15. Nxd5 exd5 16. Bg4 f5 17. Bf3 Nd8 18. Bf4 Nf7 19. a3 c6 20. b4 a6 21. a4 Bf6 22. Qd3 Rxe1+ 23. Rxe1 Re8 24. Rb1 g5 25. Bd2 g4 26. hxg4 fxg4 27. Bd1 Re4 28. Be3 Qe6 29. Bc2 g3 30. Qd2 gxf2+ 31. Bxf2 Re2 32. Qd3 Ng5 33. Kf1 Re4 34. Qg3 Rg4 35. Qb8+ Kg7 36. Qxb7+ Kh6 37. Re1 Ne4 38. Re3 Bxd4 39. Bxe4 dxe4 40. Rh3+ Kg5 41. Bxd4 Qc4+ 42. Ke1 Qc1+ 43. Kf2 Qd2+ 44. Kf1 Qd1+ 45. Kf2 Qxd4+ 46. Re3 Rf4+ 47. Ke2 Qc4+ 48. Ke1 Rf1+ 49. Kd2 Rf2+ 50. Ke1 Qf1# 0-1

[Event "FAI-chT 1920"]
[Site "Faroe Islands"]
[Date "2019.11.17"]
[Round "4.3"]
[White "Apol, Luitjen Akselsson"]
[Black "Vang, Finnbjorn"]
[Result "1-0"]
[WhiteElo "2129"]
[BlackElo "2059"]
[PlyCount "59"]
[EventDate "2019.10.13"]
[EventType "team-tourn"]
[EventRounds "10"]
[EventCountry "FAI"]
[SourceTitle "CBM 195 Extra"]
[Source "ChessBase"]
[SourceDate "2020.05.31"]
[SourceVersion "1"]
[SourceVersionDate "2020.05.31"]
[SourceQuality "1"]
[WhiteTeam "Havnin"]
[BlackTeam "Klaksvik"]
[WhiteTeamCountry "FAI"]
[BlackTeamCountry "FAI"]

1. e4 e5 2. Nf3 Nf6 3. Nxe5 d6 4. Nf3 Nxe4 5. Nc3 Nxc3 6. dxc3 Be7 7. Be3 Nc6 8. Qd2 0-0 9. Bd3 Bg4 10. h4 Ne5 11. Nxe5 dxe5 12. f3 Be6 13. Qf2 f5 14. 0-0-0 Qe8 15. Qe2 Qa4 16. a3 a6 17. Bd4 Rae8 18. Qxe5 Bf6 19. Qxc7 Bxd4 20. cxd4 Qxd4 21. Rhe1 Rf7 22. Qg3 Qd5 23. Qf4 b5 24. b3 Qc5 25. Kb2 Rc8 26. Rxe6 Qc3+ 27. Kb1 Rd7 28. Qxf5 g6 29. Re8+ Rxe8 30. Qxd7 1-0

[Event "FAI-chT 1819"]
[Site "Faroe Islands"]
[Date "2019.03.17"]
[Round "9.1"]
[White "Nielsen, Hogni Egilstoft"]
[Black "Vang, Finnbjorn"]
[Result "1-0"]
[WhiteElo "2400"]
[BlackElo "2050"]
[PlyCount "79"]
[EventDate "2018.10.28"]
[EventType "team-tourn"]
[EventRounds "10"]
[EventCountry "FAI"]
[SourceTitle "CBM 189 Extra"]
[Source "ChessBase"]
[SourceDate "2019.06.03"]
[SourceVersion "1"]
[SourceVersionDate "2019.06.03"]
[SourceQuality "1"]
[WhiteTeam "Sandavagur"]
[BlackTeam "Klaksvik II"]
[WhiteTeamCountry "FAI"]
[BlackTeamCountry "FAI"]

1. e4 e5 2. Nf3 Nc6 3. Bc4 Nf6 4. d4 d6 5. h3 exd4 6. 0-0 Ne5 7. Bb3 c5 8. c3 dxc3 9. Nxc3 Be7 10. Bf4 Ng6 11. Bh2 0-0 12. Qe2 Bd7 13. Rfd1 Qc8 14. Bxd6 Bxd6 15. Rxd6 Bxh3 16. gxh3 Nf4 17. Qf1 Nxh3+ 18. Kh1 Ng4 19. Nd1 Nf4 20. Ne3 Nxe3 21. fxe3 Ng6 22. Rd2 Qg4 23. Bd5 Kh8 24. Rg2 Qh3+ 25. Rh2 Qg3 26. Qe2 Ne5 27. Nxe5 Qxe5 28. Qg4 g6 29. Rf1 Rad8 30. Qf4 Qe7 31. Qh6 f5 32. Qxg6 fxe4 33. Rxf8+ Rxf8 34. Bxe4 Rf1+ 35. Kg2 Rf7 36. Bd5 Rf8 37. e4 Qc7 38. Rh3 Qd7 39. Qg5 Qc7 40. Rg3 1-0

[Event "FAI-chT 1819"]
[Site "Faroe Islands"]
[Date "2019.03.03"]
[Round "8.3"]
[White "Vang, Finnbjorn"]
[Black "Mortensen, Rogvi"]
[Result "0-1"]
[WhiteElo "2050"]
[BlackElo "2024"]
[PlyCount "102"]
[EventDate "2018.10.28"]
[EventType "team-tourn"]
[EventRounds "10"]
[EventCountry "FAI"]
[SourceTitle "CBM 189 Extra"]
[Source "ChessBase"]
[SourceDate "2019.06.03"]
[SourceVersion "1"]
[SourceVersionDate "2019.06.03"]
[SourceQuality "1"]
[WhiteTeam "Klaksvik II"]
[BlackTeam "Havnin II"]
[WhiteTeamCountry "FAI"]
[BlackTeamCountry "FAI"]

1. e4 e5 2. Nf3 Nc6 3. Bc4 Bc5 4. c3 Nf6 5. 0-0 Nxe4 6. d3 Nf6 7. Re1 0-0 8. Nxe5 Nxe5 9. Rxe5 d5 10. Bg5 Bxf2+ 11. Kxf2 dxc4 12. d4 Ne4+ 13. Rxe4 Qxg5 14. Nd2 Be6 15. Nf3 Qb5 16. Qe2 Bd5 17. Re5 Rfe8 18. Re1 Rxe5 19. Nxe5 f6 20. Ng4 Bf7 21. Ne3 Re8 22. b3 Qa5 23. b4 Qg5 24. g3 b5 25. Qf3 Qg6 26. Nf5 Be6 27. Nh4 Qf7 28. Qc6 Bd7 29. Qxc7 Rxe1 30. Kxe1 Qe6+ 31. Kf2 g5 32. Nf3 Bc6 33. Qb8+ Kg7 34. Qc7+ Kg6 35. Qxa7 Qf5 36. d5 Bxd5 37. Qe3 g4 38. Qe8+ Bf7 39. Qe3 Qxf3+ 40. Qxf3 gxf3 41. Kxf3 Kf5 42. Ke3 Ke5 43. g4 h5 44. Kf3 Bd5+ 45. Kg3 hxg4 46. Kxg4 f5+ 47. Kg3 f4+ 48. Kg4 Ke4 49. h4 Ke3 50. h5 Bf3+ 51. Kh4 Bxh5 0-1

[Event "FAI-chT 1617"]
[Site "Faroe Islands"]
[Date "2017.03.18"]
[Round "10.1"]
[White "Hansen, Herluf"]
[Black "Vang, Finnbjorn"]
[Result "1-0"]
[WhiteElo "2014"]
[BlackElo "2039"]
[PlyCount "83"]
[EventDate "2016.10.23"]
[EventType "team-tourn"]
[EventRounds "10"]
[EventCountry "FAI"]
[SourceTitle "EXT 2020"]
[Source "ChessBase"]
[SourceDate "2019.10.17"]
[SourceVersion "1"]
[SourceVersionDate "2019.10.17"]
[SourceQuality "1"]
[WhiteTeam "Havnin II"]
[BlackTeam "Klaksvik II"]
[WhiteTeamCountry "FAI"]
[BlackTeamCountry "FAI"]

1. c4 d5 2. cxd5 Nf6 3. Nf3 Nxd5 4. g3 Nc6 5. Bg2 e5 6. d3 Be6 7. a3 Be7 8. 0-0 0-0 9. Bd2 Bf6 10. Nc3 Nxc3 11. Bxc3 Rb8 12. Rc1 Bd5 13. Re1 Re8 14. b4 a6 15. Qc2 Bxf3 16. Bxf3 Na7 17. Bb2 c6 18. Red1 Nb5 19. e3 Nd6 20. Bg2 a5 21. d4 exd4 22. Bxd4 Bxd4 23. Rxd4 Qc7 24. Re1 Nb5 25. Rh4 g6 26. a4 Nd6 27. b5 c5 28. Rd4 Re6 29. Rc1 b6 30. Rcd1 Qe7 31. Rd5 Rf6 32. e4 Ne8 33. e5 Rf5 34. f4 Rh5 35. Bf3 Rh6 36. Bg4 Rb7 37. Rd7 Rxd7 38. Rxd7 Qf8 39. Qc4 Ng7 40. Qd5 c4 41. Rd8 Ne8 42. Qc6 1-0

[Event "FAI-chT 1617"]
[Site "Faroe Islands"]
[Date "2017.02.12"]
[Round "7.2"]
[White "Vang, Finnbjorn"]
[Black "Thomsen, Torbjorn"]
[Result "1/2-1/2"]
[WhiteElo "2039"]
[BlackElo "2086"]
[PlyCount "114"]
[EventDate "2016.10.23"]
[EventType "team-tourn"]
[EventRounds "10"]
[EventCountry "FAI"]
[SourceTitle "EXT 2020"]
[Source "ChessBase"]
[SourceDate "2019.10.17"]
[SourceVersion "1"]
[SourceVersionDate "2019.10.17"]
[SourceQuality "1"]
[WhiteTeam "Klaksvik II"]
[BlackTeam "Kollafjordur"]
[WhiteTeamCountry "FAI"]
[BlackTeamCountry "FAI"]

1. e4 g6 2. d4 Bg7 3. f4 d6 4. Nf3 c5 5. Nc3 cxd4 6. Nxd4 Nc6 7. Be3 Nf6 8. Be2 0-0 9. Qd2 Ng4 10. Bxg4 Bxg4 11. h3 Be6 12. 0-0-0 Qa5 13. Kb1 Rfc8 14. a3 Nxd4 15. Bxd4 Bxd4 16. Qxd4 Rc4 17. Qe3 Rac8 18. Rd3 R4c6 19. f5 Bc4 20. Rd4 b5 21. Qh6 b4 22. axb4 Qxb4 23. fxg6 fxg6 24. Nd5 Qb7 25. Qg5 Bxd5 26. Qxd5+ Kh8 27. Ra4 Rb6 28. Qa2 Rf8 29. Re1 a6 30. b3 Rf2 31. Rc4 Rc6 32. Qb2+ e5 33. Qc3 Rxc4 34. Qxc4 Qb6 35. g4 Qc5 36. Qd3 Kg7 37. Rd1 Kh6 38. h4 a5 39. Rf1 Rxf1+ 40. Qxf1 Kg7 41. g5 Kg8 42. Qf3 Kg7 43. Qf6+ Kg8 44. Qe6+ Kg7 45. Qe7+ Kg8 46. Qf6 Qg1+ 47. Ka2 Qc5 48. Qe6+ Kf8 49. Qf6+ Kg8 50. Qe6+ Kf8 51. c4 Qf2+ 52. Ka3 Qc5+ 53. Ka2 Qf2+ 54. Kb1 Qe1+ 55. Kb2 Qd2+ 56. Ka3 Qb4+ 57. Kb2 Qd2+ 1/2-1/2

[Event "FAI-chT 1617"]
[Site "Faroe Islands"]
[Date "2016.11.13"]
[Round "3.1"]
[White "Nielsen, Rogvi Egilstoft"]
[Black "Vang, Finnbjorn"]
[Result "1-0"]
[WhiteElo "2342"]
[BlackElo "2039"]
[PlyCount "57"]
[EventDate "2016.10.23"]
[EventType "team-tourn"]
[EventRounds "10"]
[EventCountry "FAI"]
[SourceTitle "EXT 2020"]
[Source "ChessBase"]
[SourceDate "2019.10.17"]
[SourceVersion "1"]
[SourceVersionDate "2019.10.17"]
[SourceQuality "1"]
[WhiteTeam "Sandavagur"]
[BlackTeam "Klaksvik II"]
[WhiteTeamCountry "FAI"]
[BlackTeamCountry "FAI"]

1. e4 d6 2. d4 Nf6 3. Nc3 g6 4. Bg5 Bg7 5. Qd2 0-0 6. f3 c5 7. d5 Nbd7 8. Bh6 a6 9. h4 Nh5 10. Bd3 e5 11. Nge2 b5 12. g4 Bxh6 13. Qxh6 Nhf6 14. Ng3 Kh8 15. Qd2 c4 16. Be2 Nc5 17. h5 Ng8 18. g5 Bd7 19. Rh2 Kg7 20. Kf2 f6 21. hxg6 hxg6 22. Rah1 fxg5 23. Rh7+ Kf6 24. Rg1 g4 25. fxg4 g5 26. Rgh1 Kg6+ 27. Nf5 b4 28. Rg7+ Kf6 29. Qxg5# 1-0

[Event "FAI-chT 1617"]
[Site "Faroe Islands"]
[Date "2016.10.23"]
[Round "1.1"]
[White "Simonsen, Olavur"]
[Black "Vang, Finnbjorn"]
[Result "1/2-1/2"]
[WhiteElo "2212"]
[BlackElo "2039"]
[PlyCount "144"]
[EventDate "2016.10.23"]
[EventType "team-tourn"]
[EventRounds "10"]
[EventCountry "FAI"]
[SourceTitle "EXT 2020"]
[Source "ChessBase"]
[SourceDate "2019.10.17"]
[SourceVersion "1"]
[SourceVersionDate "2019.10.17"]
[SourceQuality "1"]
[WhiteTeam "Klaksvik"]
[BlackTeam "Klaksvik II"]
[WhiteTeamCountry "FAI"]
[BlackTeamCountry "FAI"]

1. f4 d5 2. Nf3 c5 3. g3 Nc6 4. Bg2 Bg4 5. c3 Qc7 6. d3 Nf6 7. Na3 a6 8. 0-0 e6 9. Qe1 Be7 10. Nc2 0-0 11. e4 dxe4 12. dxe4 Rad8 13. h3 Bxf3 14. Bxf3 e5 15. f5 c4 16. Ne3 Bc5 17. Kh2 b5 18. Ng4 Nxg4+ 19. hxg4 h6 20. g5 hxg5 21. Bxg5 f6 22. Bd2 Rd7 23. Rd1 Rfd8 24. Bc1 Qa5 25. Rxd7 Rxd7 26. Qe2 Qd8 27. Qg2 Kf7 28. Qh3 Ke7 29. Qh7 Kd6 30. Rd1+ Kc7 31. Rxd7+ Qxd7 32. Be2 Bf2 33. Kg2 Bc5 34. Qg8 Kb7 35. g4 Qe7 36. b3 cxb3 37. axb3 Qf8 38. Qd5 Qe7 39. b4 Bb6 40. g5 fxg5 41. Bd2 Kc7 42. Kf3 g6 43. Kg4 gxf5+ 44. exf5 e4 45. Bxg5 Ne5+ 46. Kf4 Be3+ 47. Kxe3 Qxg5+ 48. Kxe4 Nd7 49. Kd3 Qc1 50. Qe4 Qb1+ 51. Kd4 Qg1+ 52. Qe3 Qg7+ 53. Kd3 Qg2 54. Qf4+ Kd8 55. Bf3 Qf1+ 56. Kd2 Qf2+ 57. Kd3 Qf1+ 58. Kc2 Qf2+ 59. Kb3 Qf1 60. Qe4 a5 61. Be2 a4+ 62. Kb2 Qe1 63. Qd3 Ke7 64. Qxb5 a3+ 65. Kxa3 Qxc3+ 66. Ka2 Qc2+ 67. Ka1 Qc1+ 68. Ka2 Qc2+ 69. Ka3 Qc3+ 70. Ka4 Qc2+ 71. Ka5 Qc7+ 72. Ka4 Qc2+ 1/2-1/2

[Event "FAI-ch"]
[Site "Sandavagur"]
[Date "2016.03.23"]
[Round "5"]
[White "Thorsteinsson, Sjurdur"]
[Black "Vang, Finnbjorn"]
[Result "1/2-1/2"]
[WhiteElo "2201"]
[BlackElo "2095"]
[PlyCount "114"]
[EventDate "2016.03.19"]
[EventType "tourn"]
[EventRounds "9"]
[EventCountry "FAI"]
[SourceTitle "CBM 171 Extra"]
[Source "ChessBase"]
[SourceDate "2016.04.26"]
[SourceVersion "1"]
[SourceVersionDate "2016.04.26"]
[SourceQuality "1"]

1. e4 e5 2. Bc4 Nc6 3. Nc3 Nf6 4. d3 Bc5 5. f4 Bxg1 6. Rxg1 d6 7. f5 Na5 8. Bg5 c6 9. Qf3 b5 10. Bb3 Nxb3 11. axb3 b4 12. Ne2 c5 13. g4 h6 14. Be3 Bb7 15. Ng3 Qc7 16. Qe2 a6 17. h4 0-0-0 18. 0-0-0 Nd7 19. Nh5 g6 20. Ng3 a5 21. fxg6 fxg6 22. Rdf1 Nb6 23. Rf6 Qg7 24. Rgf1 Rhf8 25. Qf3 Nd7 26. Rf7 Qh8 27. Qe2 Bc6 28. R1f2 a4 29. bxa4 Bxa4 30. b3 Rxf7 31. Rxf7 Bc6 32. Qf2 Rf8 33. Rxf8+ Nxf8 34. Qf7 Bd7 35. g5 h5 36. Kd2 Kd8 37. Qd5 Ke7 38. Bf2 Be6 39. Qa8 Qg7 40. Qa1 Qf7 41. Be3 Qf3 42. Qe1 Bg4 43. Nf1 Ne6 44. Nh2 Qg2+ 45. Qf2 Nf4 46. Qxg2 Nxg2 47. Bf2 Nf4 48. Nf1 Ng2 49. Bg3 Kd7 50. Nh2 Ke6 51. Bf2 Nf4 52. Be3 Ng2 53. Bf2 Nf4 54. Be3 Ng2 55. Bf2 Nf4 56. Be3 Ng2 57. Bf2 Nf4 1/2-1/2

[Event "Oyri Rokur op"]
[Site "Oyri"]
[Date "2016.01.30"]
[Round "5"]
[White "Morkore, Joannes"]
[Black "Vang, Finnbjorn"]
[Result "0-1"]
[WhiteElo "1171"]
[BlackElo "2108"]
[PlyCount "58"]
[EventDate "2016.01.29"]
[EventType "swiss"]
[EventRounds "7"]
[EventCountry "FAI"]
[SourceTitle "EXT 2017"]
[Source "ChessBase"]
[SourceDate "2016.10.25"]
[SourceVersion "1"]
[SourceVersionDate "2016.10.25"]
[SourceQuality "1"]

1. e4 e5 2. Nf3 Nc6 3. Bb5 a6 4. Ba4 Nf6 5. d3 b5 6. Bb3 d5 7. exd5 Nxd5 8. Be3 Nxe3 9. fxe3 Bc5 10. e4 Bb7 11. a3 0-0 12. Nc3 Nd4 13. Ba2 Kh8 14. Nxe5 Qg5 15. Nf3 Qxg2 16. Nxd4 Qxh1+ 17. Kd2 Qxd1+ 18. Rxd1 Bxd4 19. Rf1 Bxc3+ 20. bxc3 Rad8 21. Ke3 f6 22. Rf5 g6 23. Rc5 Rd7 24. c4 c6 25. cxb5 cxb5 26. Bb3 Rc8 27. Rxc8+ Bxc8 28. Be6 Rc7 29. Bxc8 Rxc8 0-1

[Event "FAI-chT 1516"]
[Site "Faroe Islands"]
[Date "2015.10.31"]
[Round "2.4"]
[White "Petersen, Hjalti"]
[Black "Vang, Finnbjorn"]
[Result "0-1"]
[WhiteElo "1850"]
[BlackElo "2100"]
[PlyCount "34"]
[EventDate "2015.10.25"]
[EventType "team-tourn"]
[EventRounds "10"]
[EventCountry "FAI"]
[SourceTitle "EXT 2017"]
[Source "ChessBase"]
[SourceDate "2016.10.25"]
[SourceVersion "1"]
[SourceVersionDate "2016.10.25"]
[SourceQuality "1"]
[WhiteTeam "Sandavagur II"]
[BlackTeam "Klaksvik"]
[WhiteTeamCountry "FAI"]
[BlackTeamCountry "FAI"]

1. e4 e5 2. Nf3 Nc6 3. Bb5 a6 4. Ba4 Nf6 5. Qe2 b5 6. Bb3 Bc5 7. c3 d6 8. h3 0-0 9. d3 h6 10. g4 Nh7 11. Nbd2 Be6 12. Bc2 d5 13. Nf1 dxe4 14. dxe4 Bc4 15. Qd2 Qf6 16. Bd1 Rad8 17. Qc2 Bd3 0-1

[Event "FAI-chT 1516"]
[Site "Faroe Islands"]
[Date "2015.10.25"]
[Round "1.4"]
[White "Vang, Finnbjorn"]
[Black "Skorastein, Simun"]
[Result "1-0"]
[WhiteElo "2100"]
[BlackElo "1708"]
[PlyCount "57"]
[EventDate "2015.10.25"]
[EventType "team-tourn"]
[EventRounds "10"]
[EventCountry "FAI"]
[SourceTitle "EXT 2017"]
[Source "ChessBase"]
[SourceDate "2016.10.25"]
[SourceVersion "1"]
[SourceVersionDate "2016.10.25"]
[SourceQuality "1"]
[WhiteTeam "Klaksvik"]
[BlackTeam "Klaksvik II"]
[WhiteTeamCountry "FAI"]
[BlackTeamCountry "FAI"]

1. e4 d5 2. exd5 Qxd5 3. Nc3 Qd8 4. d4 c6 5. Nf3 Nf6 6. Bc4 Bg4 7. Bxf7+ Kxf7 8. Ne5+ Kg8 9. Nxg4 h5 10. Ne5 Qe8 11. Qd3 Nbd7 12. Bg5 Rd8 13. Qc4+ e6 14. 0-0-0 Nxe5 15. dxe5 Rxd1+ 16. Rxd1 Nd5 17. Nxd5 cxd5 18. Qd3 g6 19. Kb1 Rh7 20. h4 Rc7 21. Be3 a5 22. g4 hxg4 23. Rg1 Rc4 24. Bd4 Rc7 25. Rxg4 Rg7 26. Be3 g5 27. Bxg5 Qh5 28. Qg3 Be7 29. f3 1-0

[Event "FAI-ch"]
[Site "Hoyvik"]
[Date "2015.04.01"]
[Round "5"]
[White "Nielsen, Rogvi Egilstoft"]
[Black "Vang, Finnbjorn"]
[Result "1/2-1/2"]
[WhiteElo "2295"]
[BlackElo "2059"]
[PlyCount "90"]
[EventDate "2015.03.28"]
[EventType "tourn"]
[EventRounds "9"]
[EventCountry "FAI"]
[SourceTitle "CBM 165 Extra"]
[Source "ChessBase"]
[SourceDate "2015.04.21"]
[SourceVersion "1"]
[SourceVersionDate "2015.04.21"]
[SourceQuality "1"]

1. e4 e5 2. Bc4 Nf6 3. d3 Nc6 4. Nc3 Bb4 5. Nge2 d5 6. exd5 Nxd5 7. 0-0 Nb6 8. Bb3 Bg4 9. f3 Bh5 10. Ng3 Bg6 11. f4 exf4 12. Bxf4 0-0 13. Kh1 Nd4 14. Qg4 Nxb3 15. axb3 Bxc3 16. bxc3 Nd5 17. Bd2 Re8 18. Qf3 c6 19. c4 Nc7 20. Qf2 a6 21. Bc3 Qd7 22. Ne2 Ne6 23. Ng1 Rac8 24. Nf3 f6 25. Nh4 Nf8 26. h3 Re6 27. Rae1 Rce8 28. Bb4 Rxe1 29. Rxe1 Rxe1+ 30. Qxe1 Ne6 31. Nf3 Bh5 32. g4 Bf7 33. Qg3 c5 34. Bc3 Qc7 35. Qxc7 Nxc7 36. Kg2 Kf8 37. g5 fxg5 38. Nxg5 h6 39. Ne4 b6 40. d4 Bg6 41. Kf3 Ne6 42. d5 Ng5+ 43. Nxg5 hxg5 44. b4 Ke7 45. bxc5 bxc5 1/2-1/2

[Event "FAI-ch"]
[Site "Hoyvik"]
[Date "2015.03.31"]
[Round "4"]
[White "Vang, Finnbjorn"]
[Black "Danielsen, Andrias"]
[Result "1-0"]
[WhiteElo "2059"]
[BlackElo "1861"]
[PlyCount "79"]
[EventDate "2015.03.28"]
[EventType "tourn"]
[EventRounds "9"]
[EventCountry "FAI"]
[SourceTitle "CBM 165 Extra"]
[Source "ChessBase"]
[SourceDate "2015.04.21"]
[SourceVersion "1"]
[SourceVersionDate "2015.04.21"]
[SourceQuality "1"]

1. e4 c5 2. c3 g6 3. d4 cxd4 4. cxd4 d5 5. e5 Nc6 6. Nc3 Bg7 7. Bb5 Nh6 8. Nge2 0-0 9. 0-0 Nf5 10. Re1 Qb6 11. Bxc6 bxc6 12. Na4 Qb5 13. Nc5 f6 14. a4 Qb6 15. a5 Qc7 16. Nf4 fxe5 17. Nfe6 Qd6 18. Nxf8 Nxd4 19. Nd3 Kxf8 20. Be3 Ba6 21. Bxd4 exd4 22. Qf3+ Kg8 23. Rac1 e5 24. Nc5 Bc4 25. b4 e4 26. Qh3 Re8 27. Nxe4 dxe4 28. Rxc4 h5 29. Rec1 d3 30. Qe3 d2 31. Rd1 Re6 32. Qxd2 Qe5 33. Rc5 Qc7 34. Qd8+ Qxd8 35. Rxd8+ Kf7 36. Rd7+ Kf6 37. Rc7 Bf8 38. R5xc6 Bxb4 39. Rxe6+ Kxe6 40. Rxa7 1-0

[Event "FAI-chT 1415"]
[Site "Faroe Islands"]
[Date "2015.03.21"]
[Round "10.2"]
[White "Thorsteinsson, Sjurdur"]
[Black "Vang, Finnbjorn"]
[Result "0-1"]
[WhiteElo "2163"]
[BlackElo "2054"]
[PlyCount "72"]
[EventDate "2014.10.26"]
[EventType "team-tourn"]
[EventRounds "10"]
[EventCountry "FAI"]
[SourceTitle "EXT 2019"]
[Source "ChessBase"]
[SourceDate "2018.10.10"]
[SourceVersion "1"]
[SourceVersionDate "2018.10.10"]
[SourceQuality "1"]
[WhiteTeam "Havnin"]
[BlackTeam "Klaksvik II"]
[WhiteTeamCountry "FAI"]
[BlackTeamCountry "FAI"]

1. e4 e5 2. Bc4 Bc5 3. Nc3 Nc6 4. Qg4 g6 5. Qg3 d6 6. Na4 Qe7 7. Nxc5 dxc5 8. c3 Nf6 9. d3 Nh5 10. Qf3 Bd7 11. a3 Na5 12. Ba2 Be6 13. b4 Bxa2 14. Rxa2 Qe6 15. Rb2 Nb3 16. Bh6 0-0-0 17. g4 Nf4 18. Bxf4 exf4 19. Ne2 g5 20. h4 h6 21. bxc5 Nxc5 22. Rd2 Qb3 23. d4 Qb1+ 24. Rd1 Qxe4 25. Qxe4 Nxe4 26. f3 Nd6 27. Kf2 Rde8 28. Rd3 f6 29. Rb1 f5 30. Rb4 fxg4 31. fxg4 Re4 32. c4 Rhe8 33. Rd2 Re3 34. Rdb2 b6 35. Ra4 Ne4+ 36. Kg1 f3 0-1

[Event "FAI-chT 1314"]
[Site "Torshavn"]
[Date "2014.02.09"]
[Round "8.4"]
[White "Vang, Finnbjorn"]
[Black "Jacobsen, Runi Tindskard"]
[Result "1/2-1/2"]
[WhiteElo "2051"]
[BlackElo "1599"]
[PlyCount "128"]
[EventDate "2013.10.27"]
[EventType "team-tourn"]
[EventRounds "10"]
[EventCountry "FAI"]
[SourceTitle "EXT 2019"]
[Source "ChessBase"]
[SourceDate "2018.10.10"]
[SourceVersion "1"]
[SourceVersionDate "2018.10.10"]
[SourceQuality "1"]
[WhiteTeam "Klaksvik"]
[BlackTeam "Toftir"]
[WhiteTeamCountry "FAI"]
[BlackTeamCountry "FAI"]

1. e4 e5 2. Nf3 Nc6 3. Bc4 Bc5 4. c3 Nf6 5. d4 exd4 6. cxd4 Bb4+ 7. Nc3 Nxe4 8. 0-0 Bxc3 9. d5 Bf6 10. Re1 0-0 11. Rxe4 Na5 12. Bd3 d6 13. Rf4 g6 14. Bd2 b6 15. Rb1 Nb7 16. b4 a5 17. a3 Bd7 18. Qc1 axb4 19. axb4 b5 20. Rxf6 Qxf6 21. Bc3 Qe7 22. Ng5 f6 23. Nf3 Nd8 24. Qc2 Qg7 25. Re1 Re8 26. Rxe8+ Bxe8 27. Qb2 Nf7 28. Bxf6 Qh6 29. g3 Bd7 30. h4 Qh5 31. Be4 Re8 32. Qc2 Bf5 33. Bxf5 Qxf3 34. Be6 Qxf6 35. Qxc7 Kg7 36. Qd7 Ra8 37. Qxb5 Qf3 38. Qf1 Qc3 39. Kg2 Ne5 40. Qe2 Ra1 41. f4 Nf3 42. Bg4 Qe1 43. Bxf3 Qxe2+ 44. Bxe2 Rb1 45. b5 Rb3 46. g4 Kf6 47. Kf2 h6 48. Kg2 Re3 49. Kf2 Rb3 50. Kg2 Re3 51. Kf2 Rb3 52. Bf1 Ra3 53. Be2 Rb3 54. Ke1 Rb2 55. Bd3 Rb4 56. g5+ Kg7 57. Kd2 Rxf4 58. Kc3 Rxh4 59. gxh6+ Rxh6 60. b6 Rh8 61. Kb4 Kf6 62. Kb5 Ke5 63. Bxg6 Kxd5 64. Ka6 Rb8 1/2-1/2